<?xml version="1.0" encoding="UTF-8"?>
<record
    xmlns:xsi="http://www.w3.org/2001/XMLSchema-instance"
    xsi:schemaLocation="http://www.loc.gov/MARC21/slim http://www.loc.gov/standards/marcxml/schema/MARC21slim.xsd"
    xmlns="http://www.loc.gov/MARC21/slim">

  <leader>02193nam a2200433 a 4500</leader>
  <controlfield tag="003">AR-BeUNQ</controlfield>
  <controlfield tag="005">20230424114318.0</controlfield>
  <controlfield tag="007">ta</controlfield>
  <controlfield tag="008">230310s2022    ag abdod      000 0 spa d</controlfield>
  <datafield tag="020" ind1=" " ind2=" ">
    <subfield code="a">9789873505997</subfield>
  </datafield>
  <datafield tag="040" ind1=" " ind2=" ">
    <subfield code="a">AR-BeUNQ</subfield>
    <subfield code="b">spa</subfield>
    <subfield code="c">AR-BeUNQ</subfield>
    <subfield code="e">aacr</subfield>
  </datafield>
  <datafield tag="044" ind1=" " ind2=" ">
    <subfield code="a">ag</subfield>
    <subfield code="c">ar-c</subfield>
  </datafield>
  <datafield tag="082" ind1="0" ind2="4">
    <subfield code="a">910.982</subfield>
    <subfield code="2">21</subfield>
  </datafield>
  <datafield tag="100" ind1="1" ind2=" ">
    <subfield code="a">Echeverr&#xED;a, Mar&#xED;a Julia</subfield>
  </datafield>
  <datafield tag="245" ind1="1" ind2="0">
    <subfield code="a">Geograf&#xED;a</subfield>
    <subfield code="b">sociedades y espacios de la Argentina /</subfield>
    <subfield code="c">[autor&#xED;a Mar&#xED;a Julia Echeverr&#xED;a, Silvia Mar&#xED;a Capuz]</subfield>
  </datafield>
  <datafield tag="260" ind1=" " ind2=" ">
    <subfield code="a">Ciudad Aut&#xF3;noma de Buenos Aires :</subfield>
    <subfield code="b">AZ,</subfield>
    <subfield code="c">2022</subfield>
  </datafield>
  <datafield tag="300" ind1=" " ind2=" ">
    <subfield code="a">214 p. :</subfield>
    <subfield code="b">il., diagrs., fot. col., mapas ;</subfield>
    <subfield code="c">28 cm.</subfield>
  </datafield>
  <datafield tag="490" ind1="1" ind2=" ">
    <subfield code="a">Manifiesto</subfield>
  </datafield>
  <datafield tag="505" ind1=" " ind2=" ">
    <subfield code="a">01. El Estado argentino -- 02. La organizaci&#xF3;n del territorio -- 03. Las condiciones f&#xED;sico-naturales para la producci&#xF3;n -- 04. Los espacios agropecuarios -- 05. Los espacios econ&#xF3;micos no agropecuarios -- 06. Los problemas ambientales de la Argentina -- 07. La poblaci&#xF3;n de la Argentina -- 08. El espacio urbano argentino.</subfield>
  </datafield>
  <datafield tag="521" ind1=" " ind2=" ">
    <subfield code="a">Dirigido a estudiantes de nivel secundario.</subfield>
  </datafield>
  <datafield tag="650" ind1=" " ind2="7">
    <subfield code="a">Geograf&#xED;a</subfield>
    <subfield code="2">spines</subfield>
  </datafield>
  <datafield tag="650" ind1=" " ind2="7">
    <subfield code="a">Sociedad</subfield>
    <subfield code="2">toit</subfield>
  </datafield>
  <datafield tag="650" ind1=" " ind2="7">
    <subfield code="a">Efectos ambientales</subfield>
    <subfield code="2">spines</subfield>
  </datafield>
  <datafield tag="650" ind1=" " ind2="7">
    <subfield code="a">Degradaci&#xF3;n del medio ambiente</subfield>
    <subfield code="2">spines</subfield>
  </datafield>
  <datafield tag="650" ind1=" " ind2="7">
    <subfield code="a">Poblaciones</subfield>
    <subfield code="2">spines</subfield>
  </datafield>
  <datafield tag="651" ind1=" " ind2="7">
    <subfield code="a">Argentina</subfield>
    <subfield code="2">spines</subfield>
  </datafield>
  <datafield tag="700" ind1="1" ind2=" ">
    <subfield code="a">Capuz, Silvia Mar&#xED;a</subfield>
  </datafield>
  <datafield tag="929" ind1=" " ind2=" ">
    <subfield code="a">COMPRA</subfield>
    <subfield code="b">AZ Editora</subfield>
    <subfield code="c">Exp. 827-2299/2022</subfield>
    <subfield code="d">3500</subfield>
    <subfield code="e">20221125</subfield>
    <subfield code="f">PAT0079082</subfield>
    <subfield code="h">1</subfield>
    <subfield code="j">60719</subfield>
  </datafield>
  <datafield tag="929" ind1=" " ind2=" ">
    <subfield code="a">COMPRA</subfield>
    <subfield code="b">AZ Editora</subfield>
    <subfield code="c">827-2299/22</subfield>
    <subfield code="d">3000</subfield>
    <subfield code="e">20221125</subfield>
    <subfield code="f">PAT0079083</subfield>
    <subfield code="h">2</subfield>
    <subfield code="j">60720</subfield>
  </datafield>
  <datafield tag="929" ind1=" " ind2=" ">
    <subfield code="a">COMPRA</subfield>
    <subfield code="b">AZ Editora</subfield>
    <subfield code="c">827-2299/22</subfield>
    <subfield code="d">3000</subfield>
    <subfield code="e">20221125</subfield>
    <subfield code="f">PAT0079084</subfield>
    <subfield code="h">3</subfield>
    <subfield code="j">60721</subfield>
  </datafield>
  <datafield tag="929" ind1=" " ind2=" ">
    <subfield code="a">COMPRA</subfield>
    <subfield code="b">AZ Editora</subfield>
    <subfield code="c">827-2299/22</subfield>
    <subfield code="d">3000</subfield>
    <subfield code="e">20221125</subfield>
    <subfield code="f">PAT0079085</subfield>
    <subfield code="h">4</subfield>
    <subfield code="j">60722</subfield>
  </datafield>
  <datafield tag="929" ind1=" " ind2=" ">
    <subfield code="a">COMPRA</subfield>
    <subfield code="b">AZ Editora</subfield>
    <subfield code="c">827-2299/22</subfield>
    <subfield code="d">3000</subfield>
    <subfield code="e">20221125</subfield>
    <subfield code="f">PAT0079086</subfield>
    <subfield code="h">5</subfield>
    <subfield code="j">60723</subfield>
  </datafield>
  <datafield tag="929" ind1=" " ind2=" ">
    <subfield code="a">DONACION</subfield>
    <subfield code="b">AZ Editora</subfield>
    <subfield code="c">827-2299/22</subfield>
    <subfield code="d">3000</subfield>
    <subfield code="e">20221125</subfield>
    <subfield code="f">PAT0079087</subfield>
    <subfield code="h">6</subfield>
    <subfield code="j">60724</subfield>
  </datafield>
  <datafield tag="929" ind1=" " ind2=" ">
    <subfield code="a">COMPRA</subfield>
    <subfield code="b">AZ Editora</subfield>
    <subfield code="c">827-2299/22</subfield>
    <subfield code="d">3000</subfield>
    <subfield code="e">20221125</subfield>
    <subfield code="f">PAT0079088</subfield>
    <subfield code="h">7</subfield>
    <subfield code="j">60725</subfield>
  </datafield>
  <datafield tag="929" ind1=" " ind2=" ">
    <subfield code="a">COMPRA</subfield>
    <subfield code="b">AZ Editora</subfield>
    <subfield code="c">827-2299/22</subfield>
    <subfield code="d">3000</subfield>
    <subfield code="e">20221125</subfield>
    <subfield code="f">PAT0079089</subfield>
    <subfield code="h">8</subfield>
    <subfield code="j">60726</subfield>
  </datafield>
  <datafield tag="929" ind1=" " ind2=" ">
    <subfield code="a">COMPRA</subfield>
    <subfield code="b">AZ Editora</subfield>
    <subfield code="c">827-2299/22</subfield>
    <subfield code="d">3000</subfield>
    <subfield code="e">20221125</subfield>
    <subfield code="f">PAT0079090</subfield>
    <subfield code="h">9</subfield>
    <subfield code="j">60727</subfield>
  </datafield>
  <datafield tag="929" ind1=" " ind2=" ">
    <subfield code="a">COMPRA</subfield>
    <subfield code="b">AZ Editora</subfield>
    <subfield code="c">827-2299/22</subfield>
    <subfield code="d">3000</subfield>
    <subfield code="e">20221125</subfield>
    <subfield code="f">PAT0079091</subfield>
    <subfield code="h">10</subfield>
    <subfield code="j">60728</subfield>
  </datafield>
  <datafield tag="942" ind1=" " ind2=" ">
    <subfield code="c">LIB</subfield>
    <subfield code="n">1</subfield>
  </datafield>
  <datafield tag="999" ind1=" " ind2=" ">
    <subfield code="c">822</subfield>
    <subfield code="d">822</subfield>
  </datafield>
  <datafield tag="952" ind1=" " ind2=" ">
    <subfield code="0">0</subfield>
    <subfield code="1">0</subfield>
    <subfield code="a">BIBESET</subfield>
    <subfield code="b">BIBESET</subfield>
    <subfield code="c">circulacion</subfield>
    <subfield code="d">2023-03-10</subfield>
    <subfield code="l">0</subfield>
    <subfield code="o">910.982 ECH</subfield>
    <subfield code="p">60719</subfield>
    <subfield code="r">2023-04-24</subfield>
    <subfield code="t">1</subfield>
    <subfield code="w">2023-04-24</subfield>
    <subfield code="y">LIB</subfield>
  </datafield>
  <datafield tag="952" ind1=" " ind2=" ">
    <subfield code="0">0</subfield>
    <subfield code="1">0</subfield>
    <subfield code="a">BIBESET</subfield>
    <subfield code="b">BIBESET</subfield>
    <subfield code="c">circulacion</subfield>
    <subfield code="d">2023-03-10</subfield>
    <subfield code="l">0</subfield>
    <subfield code="o">910.982 ECH</subfield>
    <subfield code="p">60720</subfield>
    <subfield code="r">2023-04-24</subfield>
    <subfield code="t">2</subfield>
    <subfield code="w">2023-04-24</subfield>
    <subfield code="y">LIB</subfield>
  </datafield>
  <datafield tag="952" ind1=" " ind2=" ">
    <subfield code="0">0</subfield>
    <subfield code="1">0</subfield>
    <subfield code="a">BIBESET</subfield>
    <subfield code="b">BIBESET</subfield>
    <subfield code="c">circulacion</subfield>
    <subfield code="d">2023-03-10</subfield>
    <subfield code="l">0</subfield>
    <subfield code="o">910.982 ECH</subfield>
    <subfield code="p">60721</subfield>
    <subfield code="r">2023-04-24</subfield>
    <subfield code="t">3</subfield>
    <subfield code="w">2023-04-24</subfield>
    <subfield code="y">LIB</subfield>
  </datafield>
  <datafield tag="952" ind1=" " ind2=" ">
    <subfield code="0">0</subfield>
    <subfield code="1">0</subfield>
    <subfield code="a">BIBESET</subfield>
    <subfield code="b">BIBESET</subfield>
    <subfield code="c">circulacion</subfield>
    <subfield code="d">2023-03-10</subfield>
    <subfield code="l">1</subfield>
    <subfield code="o">910.982 ECH</subfield>
    <subfield code="p">60722</subfield>
    <subfield code="r">2025-10-29</subfield>
    <subfield code="s">2025-10-29</subfield>
    <subfield code="t">4</subfield>
    <subfield code="w">2023-04-24</subfield>
    <subfield code="y">LIB</subfield>
  </datafield>
  <datafield tag="952" ind1=" " ind2=" ">
    <subfield code="0">0</subfield>
    <subfield code="1">0</subfield>
    <subfield code="a">BIBESET</subfield>
    <subfield code="b">BIBESET</subfield>
    <subfield code="c">circulacion</subfield>
    <subfield code="d">2023-03-10</subfield>
    <subfield code="l">0</subfield>
    <subfield code="o">910.982 ECH</subfield>
    <subfield code="p">60723</subfield>
    <subfield code="r">2023-04-24</subfield>
    <subfield code="t">5</subfield>
    <subfield code="w">2023-04-24</subfield>
    <subfield code="y">LIB</subfield>
  </datafield>
  <datafield tag="952" ind1=" " ind2=" ">
    <subfield code="0">0</subfield>
    <subfield code="1">0</subfield>
    <subfield code="a">BIBESET</subfield>
    <subfield code="b">BIBESET</subfield>
    <subfield code="c">circulacion</subfield>
    <subfield code="d">2023-03-10</subfield>
    <subfield code="l">0</subfield>
    <subfield code="o">910.982 ECH</subfield>
    <subfield code="p">60724</subfield>
    <subfield code="r">2023-04-24</subfield>
    <subfield code="t">6</subfield>
    <subfield code="w">2023-04-24</subfield>
    <subfield code="y">LIB</subfield>
  </datafield>
  <datafield tag="952" ind1=" " ind2=" ">
    <subfield code="0">0</subfield>
    <subfield code="1">0</subfield>
    <subfield code="a">BIBESET</subfield>
    <subfield code="b">BIBESET</subfield>
    <subfield code="c">circulacion</subfield>
    <subfield code="d">2023-03-10</subfield>
    <subfield code="l">1</subfield>
    <subfield code="m">1</subfield>
    <subfield code="o">910.982 ECH</subfield>
    <subfield code="p">60725</subfield>
    <subfield code="r">2025-10-29</subfield>
    <subfield code="s">2025-10-29</subfield>
    <subfield code="t">7</subfield>
    <subfield code="w">2023-04-24</subfield>
    <subfield code="y">LIB</subfield>
  </datafield>
  <datafield tag="952" ind1=" " ind2=" ">
    <subfield code="0">0</subfield>
    <subfield code="1">0</subfield>
    <subfield code="a">BIBESET</subfield>
    <subfield code="b">BIBESET</subfield>
    <subfield code="c">circulacion</subfield>
    <subfield code="d">2023-03-10</subfield>
    <subfield code="l">0</subfield>
    <subfield code="o">910.982 ECH</subfield>
    <subfield code="p">60726</subfield>
    <subfield code="r">2023-04-24</subfield>
    <subfield code="t">8</subfield>
    <subfield code="w">2023-04-24</subfield>
    <subfield code="y">LIB</subfield>
  </datafield>
  <datafield tag="952" ind1=" " ind2=" ">
    <subfield code="0">0</subfield>
    <subfield code="1">0</subfield>
    <subfield code="a">BIBESET</subfield>
    <subfield code="b">BIBESET</subfield>
    <subfield code="c">circulacion</subfield>
    <subfield code="d">2023-03-10</subfield>
    <subfield code="l">0</subfield>
    <subfield code="o">910.982 ECH</subfield>
    <subfield code="p">60727</subfield>
    <subfield code="r">2023-04-24</subfield>
    <subfield code="t">9</subfield>
    <subfield code="w">2023-04-24</subfield>
    <subfield code="y">LIB</subfield>
  </datafield>
  <datafield tag="952" ind1=" " ind2=" ">
    <subfield code="0">0</subfield>
    <subfield code="1">0</subfield>
    <subfield code="a">BIBESET</subfield>
    <subfield code="b">BIBESET</subfield>
    <subfield code="c">circulacion</subfield>
    <subfield code="d">2023-03-10</subfield>
    <subfield code="o">910.982 ECH</subfield>
    <subfield code="p">60728</subfield>
    <subfield code="r">2023-04-24</subfield>
    <subfield code="t">10</subfield>
    <subfield code="y">LIB</subfield>
  </datafield>
</record>
